000 00275nam a2200121Ia 4500
008 190216s9999||||xx |||||||||||||| ||und||
100 _aSanjay Chada
245 0 _aHindi-Saflatha Aapki Mutthi Mein
260 _bVidya Vihar
300 _a123
650 _aHindi
942 _cBK
999 _c16470
_d16470